Fr. Conceicao Rodrigues College of Engineering

The 386/486 PC A Power users guide (Record no. 34153)

MARC details
000 -LEADER
fixed length control field 00300nam a2200133Ia 4500
100 ## - MAIN ENTRY--PERSONAL NAME
Personal name Fairhead harry
245 ## - TITLE STATEMENT
Title The 386/486 PC A Power users guide
260 ## - PUBLICATION, DISTRIBUTION, ETC.
Name of publisher, distributor, etc. B.P.B. Pub
Place of publication, distribution, etc. New Delhi
Date of publication, distribution, etc. 1991
300 ## - PHYSICAL DESCRIPTION
Extent 275
546 ## - LANGUAGE NOTE
Language note ENGLISH
654 ## - SUBJECT ADDED ENTRY--FACETED TOPICAL TERMS
Focus term A Power users guide
942 ## - ADDED ENTRY ELEMENTS (KOHA)
Koha item type BOOK
Holdings
Withdrawn status Lost status Damaged status Not for loan Collection Home library Current library Shelving location Date acquired Cost, normal purchase price Total Checkouts Full call number Barcode Date last seen Cost, replacement price Price effective from Koha item type
        CRC Fr. Agnel's C.Rodrigues College of Engineering Fr. Agnel's C.Rodrigues College of Engineering   17/03/2023 90.00   5427 17/03/2023 90.00 17/03/2023 BOOK